Oil and gas directory Middle East-2006.
| Format: | Book |
|---|---|
| Published: |
Abu Dhabi:
Al Fajr,
[2006].
|
| Subjects: |
| LEADER | 00487cam a2200145 7i4500 | ||
|---|---|---|---|
| 001 | 0000018662 | ||
| 005 | 20061219090000.0 | ||
| 090 | 0 | 0 | |a WESA 665.5025 |b OIL |
| 245 | 0 | 0 | |a Oil and gas directory Middle East-2006. |
| 260 | 0 | 0 | |a Abu Dhabi: |b Al Fajr, |c [2006]. |
| 300 | # | # | |a 901 p.. |
| 650 | 0 | 0 | |a Petroleum industry and trade -- |x Directories -- |z West Asia |
| 650 | 0 | 0 | |a Gas industry -- |x Directories -- |z West Asia |
| 651 | 0 | 0 | |a West Asia |
| 999 | |a 0000019486 |b Directories |c Regions |e Business Information Centre | ||